| 000 | 00732nam a22002297a 4500 | ||
|---|---|---|---|
| 003 | DO-SdBNP | ||
| 005 | 20230828134257.0 | ||
| 008 | 161031b 1976 mx 00| 0 spa d | ||
| 040 |
_aBPMSU _bspa _cBPMSU |
||
| 082 | 4 |
_a813.6 _bM272v 1976 _222 |
|
| 100 | 1 |
_aMandino, Og _d1923-1996 |
|
| 245 | 1 | 3 |
_aEl vendedor mas grande del mundo / _cOg Mandino |
| 260 |
_aMéxico : _bEditorial Diana, _c1976 |
||
| 300 |
_a123 p. : _c21 cm. |
||
| 500 | _3Este libro está destinado a influir en un sinnúmeros de vidas | ||
| 590 | _6Imventariado, 2023/VM | ||
| 650 | 4 | _aNovela estadounidense | |
| 650 | 4 | _aMotivación (Psicología) | |
| 650 | 4 |
_aVendedores y arte de vender _v |
|
| 910 | _aVMateo V. Control de calidad. BPMSU | ||
| 942 |
_2ddc _cBK |
||
| 999 |
_c13086 _d13086 |
||